Redes Linux con TCP-IP
Shranjeno v:
| Glavni avtor: | |
|---|---|
| Format: | Knjiga |
| Jezik: | španščina |
| Izdano: |
Madrid
Pearson Educación
2001
|
| Serija: | Guía avanzada
|
| Teme: | |
| Oznake: |
Označite
Brez oznak, prvi označite!
|
MARC
| LEADER | 00000nam a2200000 a 4500 | ||
|---|---|---|---|
| 001 | UCM9251 | ||
| 003 | CL-VaPUC | ||
| 008 | 030417e20010000SP |||||||||||||||||spa|d | ||
| 020 | |a 8420531561 | ||
| 082 | 0 | 4 | |a 005.7137682 |b EYL |2 21 |
| 100 | 0 | |a Eyler, Pat |e author |9 475671 | |
| 245 | 1 | 0 | |a Redes Linux con TCP-IP |
| 300 | |a 409 p | ||
| 942 | |c BK | ||
| 945 | |d 20030417 00:00:00 |a vberengu | ||
| 260 | |a Madrid |b Pearson Educación |c 2001 | ||
| 650 | 7 | |a LINUX |2 CL-VaPUC |9 382942 | |
| 650 | 0 | |a Sistemas operativos |9 260288 | |
| 650 | 7 | |a GESTION DE REDES |2 CL-VaPUC |9 462971 | |
| 650 | 0 | |a Redes informáticas |9 334846 | |
| 650 | 7 | |a INTEGRACION DE REDES |2 CL-VaPUC |9 462972 | |
| 650 | 0 | |a Internet |9 254823 | |
| 583 | |a last modification |c 20030417 00:00:00 |k Rodrigo Vera | ||
| 490 | 0 | |a Guía avanzada | |
| 999 | |c 303577 |d 303575 | ||
| 952 | |0 0 |1 0 |4 0 |6 005_713768200000000_EYL_2001 |7 0 |8 A |9 364982 |a BIBING |b BIBING |d 2019-11-21 |i 3883612 |o 005.7137682 EYL 2001 |p 3883612 |r 2025-01-20 |w 2019-11-21 |y BK |k ING | ||
| 952 | |0 0 |1 0 |4 0 |6 005_713768200000000_EYL_2001 |7 0 |8 A |9 364983 |a BIBING |b BIBING |d 2019-11-21 |i 4012240 |o 005.7137682 EYL 2001 |p 4012240 |r 2025-01-20 |w 2019-11-21 |y BK |k ING | ||